Z veršov

Bibliographic Details
Main Author: Socháň, Ján (Author)
Format: Article
Language:Slovak

MARC

LEADER 00000nab a2200000uu 4500
001 vtls011518266
003 SK-MaSNL
005 20260303162719.0
008 230302|1914 xo |||||||||||||||||slo|
015 |a SNBRB 
035 |a (urnnbn)urn:nbn:sk:snk:ar-008n0i 
035 |a (uuid)e0fb57fc-3200-4d97-9e71-a1b8da648575 
035 |a urn:nbn:sk:snk-abed1k 
040 |a SNKBUCL  |b slo  |c SNKBUCL  |e AACR2 
041 0 |a slo 
044 |a xo  |c SK 
100 1 |a Socháň, Ján  |4 aut  |9 1186237 
245 1 0 |a Z veršov  |c Ján Socháň 
246 3 |a Keď slniečko jasné zájde... 
246 3 |a Na hrobe. 
246 3 |a Na pamiatku. 
246 3 |a Nechoď, šuhaj, do hory... 
246 3 |a Rada som nosila... 
246 3 |a Slovenka. 
773 0 |t Slovenské pohľady  |g Roč. 34, č. 10-11 (1914), s. 649-652 
958 |a OND 
958 |a EUIPO 
958 |a article21 
999 |c 2056621  |d 2058551